000 00360nam a2200133Ia 4500
008 230822s2007 xx 000 0 und d
020 _a1-55297-721-8
041 _aeng
082 _a932.012
100 _aJACKSON K.& STAMP J.
245 _aBUULDING THE GREAT PYRAMID ,PYRAMIDS-EGYPT CIVILIZATION
260 _bFIVE STANS CENTRE PRIZES
_c2007
300 _a191
999 _c857962
_d857962